000 00595nam a22001697a 4500
003 MACL
005 20160722151132.0
008 160722b xxu||||| |||| 00| 0 eng d
040 _cMACL
041 _aHindi
082 _a333 JAI
100 _aजैन, जिनेन्‍द्र कुमार
_964998
245 _aपर्यावरणी जीवन-पद्धति
_cजिनेन्‍द्र कुमार जैन
260 _aलखनउ
_bचैतन्‍य प्रकाशन
_c2010
650 _aपर्यावरण
_936465
942 _2ddc
_cHIN
999 _c54695
_d54695